Veinticinco años de sociología latinoamericana: un balance /
Sparad:
| Huvudupphovsman: | |
|---|---|
| Materialtyp: | Text |
| Ämnen: | |
| Taggar: |
Lägg till en tagg
Inga taggar, Lägg till första taggen!
|
MARC
| LEADER | 00000 a a2200000 04500 | ||
|---|---|---|---|
| 001 | 16711 | ||
| 003 | |||
| 040 | |||
| 100 | |a Franco, Rolando | ||
| 245 | |a Veinticinco años de sociología latinoamericana: |b un balance / |c Rolando Franco | ||
| 650 | |a SOCIOLOGIA | ||
| 650 | |a TEORIA SOCIAL | ||
| 650 | |a AMERICA LATINA | ||
| 773 | |g volumen 11, número 30; páginas 57-92 | ||
| 999 | |c 25603 |d 25603 | ||
